000 00646nam a22001817a 4500
999 _c62275
_d62275
005 20240912153822.0
008 240912s2018 enk||||| |||| 00| 0 eng d
020 _a9781623172763x
041 _aeng
080 _a159.94 E-43
100 _aElbrecht, Cornelia
_923206
245 _aHealing Trauma with Guided Drawing :
_bA Sensorimotor Art Therapy Approach to Bilateral Body Mapping /
_cCornelia Elbrecht.
264 _aCalifornia :
_bNorth Atlantic Books,
_c2018.
300 _a315 p.:
_bill.;
_c25 cm.
653 _aმკურნალობა ხატვით
653 _aფსიქოლოგია
942 _2udc
_cᲬᲘᲒᲜᲘ